000 00317nam a2200133Ia 4500
008 190216s9999||||xx |||||||||||||| ||und||
100 _aEisenhart
245 0 _aCoordinate Geometry
250 _a1st Ed.
260 _bCalcutta The World Press Pvt Ltd
_c1957
300 _a298p
650 _aMathematics
942 _cBK
999 _c30455
_d30455